000
00270nam a2200121Ia 4500
008
241002s9999 xx 000 0 und d
082
_a
701.15 SAN
100
_a
Santayana, George
245
0
_a
Reason in Art
260
_a
New York:
_c
1962
600
_a
Art
942
_c
UC
999
_c
18468
_d
18468